Derecho procesal penal contemporáneo (Registro nro. 2600)
[ vista simple ]
| 000 -Cabecera | |
|---|---|
| Campo de control de longitud fija | 00830aam a2200337 4500 |
| 005 - Fecha y hora de la última transacción | |
| Campo de control | 20231206112916.0 |
| 008 - Elementos de longitud fija--Información general | |
| Campo de control de longitud fija | 150604b2011 xxu||||| |||| 00| 0 spa d |
| 020 ## - International Standard Book Number | |
| Número Internacional Estándar del Libro (ISBN) | 9789968561266 |
| 041 ## - Idioma | |
| Código de idioma | Español |
| 082 ## - Clasificación Decimal Dewey | |
| Número de clasificación | 345 A494d |
| 100 ## - Entrada principal--Autor personal | |
| Nombre personal | Ambos, Kai |
| 9 (RLIN) | 22785 |
| 245 ## - Título propiamente dicho | |
| Título | Derecho procesal penal contemporáneo |
| 260 ## - Pie de imprenta | |
| Lugar de publicación, distribución, etc. | Costa Rica |
| 260 ## - Pie de imprenta | |
| Nombre del editor, distribuidor, etc. | Jurídica Continental |
| 260 ## - Pie de imprenta | |
| Fecha de publicación, distribución, etc. | 2011 |
| 300 ## - Descripción física | |
| Extensión | 680 páginas |
| 650 ## - Materia general | |
| Temática (materia general) | DERECHO PENAL |
| 650 ## - Materia general | |
| Temática (materia general) | DELITO CULPOSO |
| 650 ## - Materia general | |
| Temática (materia general) | CULPABILIDAD |
| 650 ## - Materia general | |
| Temática (materia general) | DELITO DE OMISIÓN |
| 650 ## - Materia general | |
| Temática (materia general) | OMISIÓN IMPROPIA |
| 650 ## - Materia general | |
| Temática (materia general) | TENTATIVA |
| 650 ## - Materia general | |
| Temática (materia general) | AUTORÍA |
| 650 ## - Materia general | |
| Temática (materia general) | TEORÍAS MIXTAS |
| 650 ## - Materia general | |
| Temática (materia general) | ACTOS DE EJECUCIÓN |
| 650 ## - Materia general | |
| Temática (materia general) | DELITO IMPOSIBLE |
| 650 ## - Materia general | |
| Temática (materia general) | DELITO ILUSORIO |
| 650 ## - Materia general | |
| Temática (materia general) | DESESTIMIENTO |
| 942 ## - Punto de acceso adicional KOHA | |
| Tipo de ítem KOHA | Libro |
| Fuente del sistema de clasificación o colocación | Dewey Decimal Classification |
| Signatura completa | Código de barras | Tipo de ítem |
|---|---|---|
| 345 A494d | 15674 | Libro |